| 000 | 00445nam a22001457a 4500 | ||
|---|---|---|---|
| 005 | 20170804113254.0 | ||
| 008 | 170804b xxu||||| |||| 00| 0 eng d | ||
| 040 | _cPK-LaUMT | ||
| 082 |
_aZIAC 297.076 _bABD-A |
||
| 100 | _aAbdul Rehman Abdul Wahab al Faras | ||
| 245 |
_aAl ajobat al nafea anil masail / _cAbdul Rehman Abdul Wahab al Faras |
||
| 260 |
_aبیروت: _bمطبعہ حکومہ الکویت، _c[ ] |
||
| 300 | _a446 ص | ||
| 942 | _cBK | ||
| 999 |
_c96416 _d96416 |
||